Formula One Tyre Manufacturers - Statistics

General Stats
  • This quiz has been taken 2,608 times
  • The average score is 5 of 9
Answer Stats
Country Years Answer % Correct
Italy 1950-1958, 1981-1986, 1989-1991 & 2011-present Pirelli
98%
France 1977-1984 & 2001-2006 Michelin
87%
Japan 1976-1977 & 1997-2010 Bridgestone
80%
USA 1959-1998 Goodyear
62%
USA 1950-1975 Firestone
46%
United Kingdom 1950-1970 & 1976-1977 Dunlop
36%
Germany 1954-1958 Continental
28%
United Kingdom 1954-1958 & 1981-1982 Avon
16%
Belgium 1950-1958 Englebert
13%
No matching quizzes found
Score Distribution
Percent of People with Each Score
Percentile by Number Answered
Your Score History
You have not taken this quiz